<?xml version="1.0" encoding="UTF-8"?>
<record
    xmlns:xsi="http://www.w3.org/2001/XMLSchema-instance"
    xsi:schemaLocation="http://www.loc.gov/MARC21/slim http://www.loc.gov/standards/marcxml/schema/MARC21slim.xsd"
    xmlns="http://www.loc.gov/MARC21/slim">

  <leader>01550nam0a22003131  4500</leader>
  <controlfield tag="001">GAK\3367054</controlfield>
  <controlfield tag="005">20260406080623.0</controlfield>
  <datafield tag="010" ind1=" " ind2=" ">
    <subfield code="b">&#x412; &#x43F;&#x435;&#x440;.</subfield>
    <subfield code="d">1 &#x440;. 10 &#x43A;.</subfield>
    <subfield code="9">30000</subfield>
  </datafield>
  <datafield tag="021" ind1=" " ind2=" ">
    <subfield code="a">RU</subfield>
    <subfield code="b">83-30859</subfield>
  </datafield>
  <datafield tag="035" ind1=" " ind2=" ">
    <subfield code="a">(NLR Aleph) 011982766</subfield>
  </datafield>
  <datafield tag="090" ind1=" " ind2=" ">
    <subfield code="a">11317004</subfield>
    <subfield code="c">11317004</subfield>
  </datafield>
  <datafield tag="100" ind1=" " ind2=" ">
    <subfield code="a">20190404d1983    |||y0rusy50      ca</subfield>
  </datafield>
  <datafield tag="101" ind1="0" ind2=" ">
    <subfield code="a">rus</subfield>
  </datafield>
  <datafield tag="102" ind1=" " ind2=" ">
    <subfield code="a">RU</subfield>
  </datafield>
  <datafield tag="105" ind1=" " ind2=" ">
    <subfield code="a">y| z||||||a|</subfield>
  </datafield>
  <datafield tag="200" ind1="1" ind2=" ">
    <subfield code="a">&#x41F;&#x443;&#x442;&#x44C; &#x433;&#x435;&#x440;&#x43E;&#x44F;</subfield>
    <subfield code="e">&#x43F;&#x43E;&#x432;&#x435;&#x441;&#x442;&#x438;, &#x43E;&#x447;&#x435;&#x440;&#x43A;&#x438;</subfield>
    <subfield code="f">&#x410;&#x43D;&#x430;&#x442;&#x43E;&#x43B;&#x438;&#x439; &#x417;&#x44F;&#x431;&#x440;&#x435;&#x432;</subfield>
  </datafield>
  <datafield tag="210" ind1=" " ind2=" ">
    <subfield code="a">&#x41C;&#x43E;&#x441;&#x43A;&#x432;&#x430;</subfield>
    <subfield code="c">&#x421;&#x43E;&#x432;&#x440;&#x435;&#x43C;&#x435;&#x43D;&#x43D;&#x438;&#x43A;</subfield>
    <subfield code="d">1983</subfield>
  </datafield>
  <datafield tag="215" ind1=" " ind2=" ">
    <subfield code="a">254 &#x441;.</subfield>
    <subfield code="d">20</subfield>
  </datafield>
  <datafield tag="225" ind1="1" ind2=" ">
    <subfield code="a">&#x41D;&#x430;&#x448; &#x434;&#x435;&#x43D;&#x44C;</subfield>
  </datafield>
  <datafield tag="327" ind1="1" ind2=" ">
    <subfield code="a">&#x421;&#x43E;&#x434;&#x435;&#x440;&#x436;.: &#x41F;&#x43E;&#x432;&#x435;&#x441;&#x442;&#x438;: &#x41A;&#x43E;&#x43C;&#x43F;&#x43B;&#x435;&#x43A;&#x441; ; &#x41F;&#x43E;&#x435;&#x437;&#x434;&#x43A;&#x430; &#x43D;&#x430; &#x421;&#x430;&#x44F;&#x43D;&#x43E;-&#x428;&#x443;&#x448;&#x435;&#x43D;&#x441;&#x43A;&#x443;&#x44E; ; &#x43E;&#x447;&#x435;&#x440;&#x43A;&#x438;: &#x412;&#x441;&#x442;&#x440;&#x435;&#x447;&#x430; &#x432; &#x410;&#x431;&#x430;&#x43A;&#x430;&#x43D;&#x435; ; &#x410; &#x437;&#x430;&#x432;&#x442;&#x440;&#x430; &#x431;&#x443;&#x434;&#x435;&#x442; &#x43B;&#x435;&#x433;&#x447;&#x435;... ; &#x422;&#x430;&#x43A;&#x430;&#x44F; &#x43B;&#x438;&#x43D;&#x438;&#x44F; ; &#x41E;&#x43F;&#x44F;&#x442;&#x44C; &#x432; &#x423;&#x441;&#x442;&#x44C;-&#x418;&#x43B;&#x438;&#x43C;&#x441;&#x43A;&#x435;</subfield>
  </datafield>
  <datafield tag="464" ind1=" " ind2="0">
    <subfield code="1">2001#$a&#x41A;&#x43E;&#x43C;&#x43F;&#x43B;&#x435;&#x43A;&#x441;$e&#x43F;&#x43E;&#x432;&#x435;&#x441;&#x442;&#x44C;$a&#x41F;&#x43E;&#x435;&#x437;&#x434;&#x43A;&#x430; &#x43D;&#x430; &#x421;&#x430;&#x44F;&#x43D;&#x43E;-&#x428;&#x443;&#x448;&#x435;&#x43D;&#x441;&#x43A;&#x443;&#x44E;$e&#x43F;&#x43E;&#x432;&#x435;&#x441;&#x442;&#x44C;</subfield>
    <subfield code="t">&#x41F;&#x43E;&#x435;&#x437;&#x434;&#x43A;&#x430; &#x43D;&#x430; &#x421;&#x430;&#x44F;&#x43D;&#x43E;-&#x428;&#x443;&#x448;&#x435;&#x43D;&#x441;&#x43A;&#x443;&#x44E;</subfield>
  </datafield>
  <datafield tag="464" ind1=" " ind2="0">
    <subfield code="1">2001#$a&#x412;&#x441;&#x442;&#x440;&#x435;&#x447;&#x430; &#x432; &#x410;&#x431;&#x430;&#x43A;&#x430;&#x43D;&#x435;$a&#x410; &#x437;&#x430;&#x432;&#x442;&#x440;&#x430; &#x431;&#x443;&#x434;&#x435;&#x442; &#x43B;&#x435;&#x433;&#x447;&#x435;...$a&#x422;&#x430;&#x43A;&#x430;&#x44F; &#x43B;&#x438;&#x43D;&#x438;&#x44F;$a&#x41E;&#x43F;&#x44F;&#x442;&#x44C; &#x432; &#x423;&#x441;&#x442;&#x44C;-&#x418;&#x43B;&#x438;&#x43C;&#x441;&#x43A;&#x435;$e&#x43E;&#x447;&#x435;&#x440;&#x43A;&#x438;</subfield>
    <subfield code="t">&#x41E;&#x43F;&#x44F;&#x442;&#x44C; &#x432; &#x423;&#x441;&#x442;&#x44C;-&#x418;&#x43B;&#x438;&#x43C;&#x441;&#x43A;&#x435;</subfield>
  </datafield>
  <datafield tag="686" ind1="0" ind2=" ">
    <subfield code="a">&#x428;6(2=&#x420;)75&#x44F;44</subfield>
    <subfield code="2">rubbk</subfield>
  </datafield>
  <datafield tag="700" ind1=" " ind2="1">
    <subfield code="4">070</subfield>
    <subfield code="7">ca</subfield>
    <subfield code="8">rus</subfield>
    <subfield code="a">&#x417;&#x44F;&#x431;&#x440;&#x435;&#x432;</subfield>
    <subfield code="b">&#x410;. &#x415;.</subfield>
    <subfield code="f">1926-2021</subfield>
    <subfield code="g">&#x410;&#x43D;&#x430;&#x442;&#x43E;&#x43B;&#x438;&#x439; &#x415;&#x444;&#x438;&#x43C;&#x43E;&#x432;&#x438;&#x447;</subfield>
    <subfield code="3">RU\NLR\AUTH\770213516</subfield>
    <subfield code="9">213460</subfield>
  </datafield>
  <datafield tag="801" ind1=" " ind2="0">
    <subfield code="a">RU</subfield>
    <subfield code="b">NLR</subfield>
    <subfield code="c">20190404</subfield>
    <subfield code="g">psbo</subfield>
  </datafield>
  <datafield tag="801" ind1=" " ind2="1">
    <subfield code="a">RU</subfield>
    <subfield code="b">NLR</subfield>
    <subfield code="c">20190404</subfield>
    <subfield code="2">rusmarc</subfield>
  </datafield>
  <datafield tag="852" ind1=" " ind2=" ">
    <subfield code="a">NLR</subfield>
    <subfield code="j">83-3/8066</subfield>
  </datafield>
  <datafield tag="942" ind1=" " ind2=" ">
    <subfield code="c">BOOK</subfield>
  </datafield>
  <datafield tag="980" ind1=" " ind2=" ">
    <subfield code="a">NB</subfield>
  </datafield>
</record>
